America unequal

America Unequal demonstrates how powerful economic forces have diminished the prospects of millions of Americans and why "a rising tide no longer lifts all boats." Changes in the economy, public policies, and family structure have contributed to slow growth in family incomes and rising eco...

Popoln opis

Shranjeno v:
Bibliografske podrobnosti
Glavni avtor: Danziger, Sheldon
Format: Knjiga
Jezik:Undetermined
Izdano: New York Russell Sage Foundation 1995
Teme:
Oznake: Označite
Brez oznak, prvi označite!
Thư viện lưu trữ: Trung tâm Học liệu Trường Đại học Cần Thơ
LEADER 01134nam a2200205Ia 4500
001 CTU_186644
008 210402s9999 xx 000 0 und d
082 |a 339.220973 
082 |b D199 
100 |a Danziger, Sheldon 
245 0 |a America unequal 
245 0 |c Sheldon Danziger, Peter Gottschalk 
260 |a New York 
260 |b Russell Sage Foundation 
260 |c 1995 
520 |a America Unequal demonstrates how powerful economic forces have diminished the prospects of millions of Americans and why "a rising tide no longer lifts all boats." Changes in the economy, public policies, and family structure have contributed to slow growth in family incomes and rising economic inequality. Poverty remains high because of an erosion of employment opportunities for less-skilled workers, not because of an erosion of the work ethic; because of a failure of government to do more for the poor and the middle class, not because of social programs. 
650 |a Labor market,Thị trường lao động 
650 |z United States,Mỹ 
904 |i Giang 
980 |a Trung tâm Học liệu Trường Đại học Cần Thơ